000 03767nam a22003137i 4500
001 TCPA 46
003 gtcocun
005 20250911161554.0
006 a||||gr|||| 00| 0
008 250911b2017 gt ||||| m||| 00| 0 eng d
040 _agtcocun
_bSPA
_cgtcocun
_eRDA
041 _aSPA
084 _0TCPA 46
100 _aToc Caal, Zuly Conzuelo
_eAutor
245 _aInforme final del Ejercicio Profesional Supervisado, realizado en la Dirección Departamental de Educación de Alta Verapaz, Cobán, A.V./
_cZuly Conzuelo Toc Caal,
_hImpreso
264 _aCobán, Alta Verapaz:
_bUniversidad de San Carlos de Guatemala, Centro Universitario del Norte, Licenciatura en Contaduría Pública y Auditoría.
_c2017
300 _a49 p.:
_bIlustraciones, gráficas.
_c28 cm; PDF
336 _2rdacontenido
_aTexto
_btxt
337 _2rdamedio
_aComputadora
_bn
338 _2rdasoporte
_aCódigo en línea
_bcr
502 _e.
502 _aTesis de grado
_bLicenciatura en Contaduría Pública y Auditoría.
_cUniversidad de San Carlos de Guatemala, Centro Universitario del Norte, Licenciatura en Contaduría Pública y Auditoría.
_d2017
_oTCPA 46
520 1 4 _aLa Universidad de San Carlos de Guatemala a través del Centro Universitario del Norte (CUNOR), forma estudiantes en la carrera de Licenciatura en Contaduría Pública y Auditoria e incluye en su pensum de estudios el desarrollo del Ejercicio Profesional Supervisado (EPS), para poner en práctica los conocimientos adquiridos durante su formación académica. Este se desarrolló en la Dirección Departamental de Educación de Alta Verapaz, específicamente en el Departamento Financiero y se trabajó de la siguiente manera. La primera fase consistió en el diagnóstico institucional, el cual permitió conocer la historia de la institución, filosofía, servicios, estructura interna general; políticas y procedimientos y se puntualizan las deficiencias encontradas que a continuación se detallan: incumplimiento en el proceso de otorgamiento de subsidios a institutos por cooperativa de enseñanza, falta de control en el pago de viáticos y gastos conexos, deficiencia en el área de inventarios del rubro transporte tracción y elevación. Las técnicas utilizadas fueron la observación, cuestionarios y entrevistas al personal activo. Para continuar con la segunda fase se elaboró un plan de trabajo de actividades a realizar para la corrección de los hallazgos encontrados, se inició con una auditoria de gestión al rubro de subsidios, posteriormente la implementación de una herramienta informática para el control de y manejo del pago de viáticos, por último en la sección de inventarios se trabajó una auditoria específicamente del rubro transporte tracción y elevación. Seguidamente se analizaron y se discutieron los resultados obtenidos con las personal involucradas en cada una de las actividades que se llevaron a cabo en función de los objetivos y metas propuestas, por último se planearon las conclusiones; donde se plantea los resultados de la auditoria al rubro de subsidios, los beneficios de la implementación de la herramienta para el manejo y control en el pago de viáticos; y los resultados de la auditoria al rubro de Transporte tracción y elevación así mismo se dejaron plasmadas las recomendaciones que consisten en dar seguimiento a la solución de las deficiencias encontradas.
650 1 4 _2LEMB
_aCobán, A.V.
_xauditoría de gestión
_xViaticos
_xSoftware
700 _aLic. Obdulio Ottoniel León Pacay
_eAsesor
856 _uhttps://drive.google.com/file/d/1rzvT0epvR0BnZJDQt1Lhok0EhDi6jppq/view?usp=sharing
_yPDF
_zUn ejemplar en línea.
942 _2ddc
_cTES
_iTCPA_46
_kClasificación
_n0
_6TCPA__46
999 _c1796
_d1796